enigme #1 (one piece) - Statistiques

Statistiques générales
  • Ce quiz a été pris 9 732 fois
  • Le résultat moyen est 19 sur 24
Statistiques - réponses
nom indice réponse % Correct
A A est le petit frère de G et P Monkey.D Luffy
98%
X X était le roi des pirates Gol.D Roger
88%
N N peut lire les ponéglyphes Nico Robin
87%
S S est le seul homme qui a mangé deux fruits du démon Marshall.D Teach
86%
R R est le père de A Monkey.D Dragon
86%
E E devait se marier avec T Vinsmoke Sanji
86%
Q Q est un yonko Kaido
85%
O O a une cicatrice a l’œil à cause de S Shanks
85%
J J est allié à A pour faire tomber Q Trafalgar.D Water Law
85%
P P est le second de R Sabo
84%
V V a tué G devant A Sakazuki Akainu
84%
F F a tué son frère D Doflamingo
82%
G G détestait X Portgas D Ace
82%
L L était dans l'équipage de X avec O Baggy
80%
T T est la 35ème fille de sa famille Charlotte Pudding
79%
U U est le rival de O et a le même statut que F Dracule Mihawk
79%
W W veut surpasser U Roronoa Zoro
79%
D D était le mentor de J Rossinante Corazon
78%
K K était à X ce que U est à O Edward Newgate
73%
C C s'est battu contre V puis a rejoint l'équipage de S Aokiji Kuzan
72%
H H peut voir dans le futur Charlotte Katakuri
68%
M M a mangé le fruit que E voulait Absalom
62%
B B a tué M et récupéré son fruit Shiliew
51%
I I a refusé de rejoindre Q Eustass Kidd
49%
Aucun quiz correspondant
Distribution des résultats
% des personnes avec chaque résultat
Percentile par nombre de réponses
Votre historique - résultats
Vous n’avez pas pris ce quiz